| 000 | 01147cam a2200373Ia 4500 | ||
|---|---|---|---|
| 001 | 95755 | ||
| 005 | 20230410130812.0 | ||
| 008 | 881025s1978 sp 001 f spa d | ||
| 035 | _a(OCoLC)ocm18662999 | ||
| 040 |
_aNGU _cNGU _dDIBAM _dBAKER _dPL# _dYDXCP _dOCLCG |
||
| 020 | _a8472233049 | ||
| 020 | _a9788472233041 | ||
| 029 | 1 |
_aPL# _b060009873 |
|
| 035 | _a(OCoLC)18662999 | ||
| 041 | 1 |
_aspa _hfre |
|
| 050 | 1 | 4 |
_aPQ 2369 _bM989g 1978 |
| 049 | _aGRAL | ||
| 100 | 1 |
_aMusset, Alfred de, _d1810-1857. |
|
| 245 | 1 | 0 |
_aGamiani, o, dos noches de quimera / _cAlfred de Musset. |
| 260 |
_aBarcelona : _bTusquets Editores, _c1978. |
||
| 300 |
_a99 p. ; _c20 cm. |
||
| 440 | 0 |
_aLa sonrisa vertical ; _v4 |
|
| 500 | _aIncludes index | ||
| 500 | _aTraducido del idioma original: Gamiani. | ||
| 650 | 0 |
_aLiteratura francesa _xNovela |
|
| 650 | 4 | _aCFB | |
| 650 | 4 | _aColección Font Bernard | |
| 938 |
_aPuvill Libros _bPUVL _n8472233049 _c$12.27 |
||
| 938 |
_aYBP Library Services _bYANK _n2663263 |
||
| 938 |
_aBaker & Taylor _bBKTY _c10.95 _d8.21 _i8472233049 _n0004350764 _sactive |
||
| 942 |
_2lcc _cbk |
||
| 994 |
_aC0 _bDRFGD |
||
| 946 | _almm | ||
| 999 |
_c80632 _d80632 |
||